| 000 | 00659nam a2200229 a 4500 | ||
|---|---|---|---|
| 005 | 20140310183134.0 | ||
| 008 | 020819s19uu xx 00 eng d | ||
| 020 | _a9780071255141 | ||
| 050 |
_aHD 58.7 _b.G54 2006 |
||
| 100 | _aGibson, James L. | ||
| 245 |
_aOrganizations : _bbehavior structure processes / _cJames L. Gibson. |
||
| 250 | _a10th ed. | ||
| 260 |
_aBoston, Mass. : _bIrwin/McGraw-Hill, _c2000. |
||
| 300 |
_a522 p. : _bill. ; _c26 cm. |
||
| 521 | _aBSBA | ||
| 650 | _aOrganization. | ||
| 650 | _aOrganizational behavior. | ||
| 650 | _aLeadership. | ||
| 650 | _aOrganizational effectiveness. | ||
| 942 |
_cBK _2lcc _kFOR |
||
| 999 |
_c19243 _d19243 |
||